[Event "Moscow op (Women)"]
[Site "Moscow"]
[Date "2012.01.31"]
[Round "4"]
[White "Utiatskaja, Irina"]
[Black "Neuymina, Nadezhda"]
[Result "1-0"]
[WhiteElo "1922"]
[BlackElo "1682"]
[PlyCount "52"]
[EventDate "2012.01.28"]
[EventType "swiss"]
[EventRounds "9"]
[EventCountry "RUS"]
[SourceTitle "CBM 146 Extra"]
[Source "ChessBase"]
[SourceDate "2012.02.29"]
[SourceVersion "1"]
[SourceVersionDate "2012.02.29"]
[SourceQuality "1"]

1. e4 c5 2. Nf3 e6 3. d4 cxd4 4. Nxd4 a6 5. c4 Nf6 6. Nc3 Nc6 7. Nxc6 bxc6 8. e5 Ng8 9. Bf4 Bc5 10. Be2 Ne7 11. 0-0 Ng6 12. Bg3 0-0 13. Ne4 Ba7 14. Kh1 a5 15. f4 Nh4 16. Bxh4 Qxh4 17. c5 f5 18. exf6 gxf6 19. Bh5 Ba6 20. Rf3 Kh8 21. Rh3 Qxf4 22. Bg6 Rf7 23. Bxf7 Qxe4 24. Qxd7 Bxc5 25. Bxe6 Qd3 26. Rxd3 Bxd3 1-0

[Event "PriFR-ch (Women) 10th"]
[Site "Perm"]
[Date "2011.01.08"]
[Round "7"]
[White "Neuymina, Nadezhda"]
[Black "Fedorova, Tatiana"]
[Result "0-1"]
[WhiteElo "1716"]
[BlackElo "1922"]
[PlyCount "46"]
[EventDate "2011.01.04"]
[EventType "swiss"]
[EventRounds "9"]
[EventCountry "RUS"]
[SourceTitle "EXT 2022"]
[Source "ChessBase"]
[SourceDate "2021.10.06"]
[SourceVersion "1"]
[SourceVersionDate "2021.10.06"]
[SourceQuality "1"]

1. e4 c5 2. Nc3 Nc6 3. g3 e5 4. Bg2 d6 5. d3 Nf6 6. Nge2 Be7 7. 0-0 0-0 8. f4 Bg4 9. f5 Nd4 10. Bg5 h6 11. h3 Bxe2 12. Nxe2 Nxe2+ 13. Qxe2 hxg5 14. Kf2 d5 15. Rh1 dxe4 16. Bxe4 Nxe4+ 17. Qxe4 Qd4+ 18. Qxd4 exd4 19. h4 gxh4 20. gxh4 Rad8 21. Kf3 Bf6 22. Rag1 Rd5 23. Kg4 Re8 0-1

[Event "Gornozavodsk op"]
[Site "Gornozavodsk"]
[Date "2010.11.04"]
[Round "5"]
[White "Neuymina, Nadezhda"]
[Black "Egorov, Ivan"]
[Result "1-0"]
[WhiteElo "1784"]
[BlackElo "1660"]
[PlyCount "47"]
[EventDate "2010.11.01"]
[EventType "swiss"]
[EventRounds "10"]
[EventCountry "RUS"]
[SourceTitle "EXT 2012"]
[Source "ChessBase"]
[SourceDate "2011.11.24"]
[SourceVersion "1"]
[SourceVersionDate "2011.11.24"]
[SourceQuality "1"]

1. e4 c5 2. Nc3 e5 3. d3 d6 4. g3 Nf6 5. Bg2 Be7 6. Nge2 Nc6 7. Bg5 h6 8. Bxf6 Bxf6 9. 0-0 Bg4 10. Nd5 0-0 11. c3 b5 12. a3 a5 13. f4 Rb8 14. f5 b4 15. h3 Bxe2 16. Qxe2 bxc3 17. bxc3 Rb3 18. a4 Be7 19. Qg4 Bf6 20. Rfb1 Rb8 21. Rxb8 Nxb8 22. Rb1 Re8 23. Rxb8 Qxb8 24. Nxf6+ 1-0